| 000 | 00427nam a22001817a 4500 | ||
|---|---|---|---|
| 003 | MPLRDC | ||
| 005 | 20220104171209.0 | ||
| 008 | 210129b ||||| |||| 00| 0 eng d | ||
| 020 | _a0-307-12792-3 | ||
| 082 | _a859.6 HOV | ||
| 100 | _aMARGO HOVER, JUDY BARNES | ||
| 245 |
_aTHE LION KING _c |
||
| 250 | _a初版 | ||
| 260 |
_a _bGOLDEN _c1994 |
||
| 300 | _b平 | ||
| 650 | _aCHILDREN LITERATURE | ||
| 942 |
_cBK _o859.6 HOV |
||
| 999 |
_c58330 _d58320 |
||